000 00349nam a2200157Ia 4500
008 210210b1909 xxu||||| |||| 00| 0 eng d
041 _aeng
082 _a444/93
100 _aSOUVESTRE (E)
245 _aLes bannis
260 _aLondon
_bMacmillan & Co. Ltd.
_c1909
650 _aLes
650 _abannis
690 _aFrench
906 _a006288
999 _c129308
_d129308